000 00250nam a22001217a 4500
041 _aENG
100 _aD,B.S.K.K.V
245 _aXxxvlll Annual Convention
260 _aDapoli
_bCAET
_c2004
300 _a341
650 _aGAE (15)
856 _uGAE (15)
999 _c2984
_d2984